[Event "Mistrzostwa Polski Seniorow oraz Osob Ni"]
[Site "WZW "]
[Date "2013.10.05"]
[Round "8.1"]
[White "Kawula, Andrzej"]
[Black "Lada, Ireneusz"]
[Result "1/2-1/2"]
[WhiteElo "1990"]
[BlackElo "1933"]
[PlyCount "83"]
[EventDate "2013.??.??"]

1. c4 e5 2. Nc3 Nc6 3. g3 f5 4. Bg2 Nf6 5. d3 Bb4 6. Bd2 O-O 7. e3 Kh8 8. Nge2
d6 9. a3 Bxc3 10. Bxc3 Be6 11. b3 Qe7 12. d4 Bd7 13. dxe5 dxe5 14. Qc2 Rae8 15.
O-O e4 16. Qb2 Ne5 17. Bxe5 Qxe5 18. Qxe5 Rxe5 19. Rfd1 a5 20. Nc3 b5 21. cxb5
Bxb5 22. Bf1 Bxf1 23. Kxf1 Rc5 24. Ne2 g6 25. Rac1 Rxc1 26. Rxc1 Rb8 27. Nd4
Rb7 28. Rc6 Ng4 29. h3 Nh2+ 30. Ke2 Nf3 31. Nxf3 exf3+ 32. Kxf3 Rxb3 33. Rxc7
Rxa3 34. Kf4 h6 35. h4 Rb3 36. f3 Rb5 37. Ra7 Kg8 38. e4 g5+ 39. hxg5 hxg5+ 40.
Kxg5 fxe4+ 41. Kf4 exf3 42. Kxf3 1/2-1/2

[Event "Mistrzostwa Polski Seniorow oraz Osob Ni"]
[Site "WZW "]
[Date "2013.10.05"]
[Round "8.3"]
[White "Muc, Zbigniew"]
[Black "Wojcieszyn, Zdzislaw"]
[Result "0-1"]
[WhiteElo "1743"]
[BlackElo "2005"]
[PlyCount "74"]
[EventDate "2013.??.??"]

1. e4 c5 2. d4 cxd4 3. c3 dxc3 4. Nxc3 Nc6 5. Nf3 g6 6. Bc4 Bg7 7. O-O Nf6 8.
Qe2 O-O 9. Rd1 Qa5 10. Bg5 d6 11. h3 Re8 12. Qe3 a6 13. a3 Nd7 14. Rac1 Nce5
15. Nxe5 Nxe5 16. Ba2 Be6 17. Nd5 Nc6 18. b4 Qd8 19. Rc2 Rb8 20. g4 Qd7 21. Nb6
Qd8 22. Bxe6 fxe6 23. Nc4 Qd7 24. f4 Rf8 25. Kg2 Rf7 26. Bh4 Rd8 27. Rcd2 Qc7
28. Bg3 Nxb4 29. Nxd6 exd6 30. axb4 Rfd7 31. Qb3 d5 32. exd5 exd5 33. Kh2 Qc6
34. Bh4 Bf6 35. Bxf6 Qxf6 36. Rd4 Qf7 37. Kg3 Qe6 0-1

[Event "Mistrzostwa Polski Seniorow oraz Osob Ni"]
[Site "WZW "]
[Date "2013.10.05"]
[Round "8.4"]
[White "Solek, Zenon"]
[Black "Niecko, Stanislaw"]
[Result "1-0"]
[WhiteElo "1820"]
[BlackElo "1817"]
[PlyCount "49"]
[EventDate "2013.??.??"]

1. e4 c5 2. Nf3 Nc6 3. d4 cxd4 4. Nxd4 g6 5. c4 Bg7 6. Nc2 d6 7. Be2 f5 8. exf5
Bxf5 9. Ne3 Bd7 10. O-O Nf6 11. Nc3 O-O 12. Ned5 Ne5 13. Nxf6+ Bxf6 14. Nd5 Bg7
15. Bg5 Rf7 16. Rc1 Qf8 17. b4 e6 18. Ne3 h6 19. Bh4 g5 20. Bg3 Bc6 21. Bh5 Rd7
22. f4 gxf4 23. Rxf4 Qd8 24. b5 Qb6 25. Bf2 1-0

[Event "Mistrzostwa Polski Seniorow oraz Osob Ni"]
[Site "WZW "]
[Date "2013.10.05"]
[Round "8.5"]
[White "Santura, Janusz"]
[Black "Rychlik, Bogdan"]
[Result "1-0"]
[WhiteElo "1807"]
[BlackElo "1780"]
[PlyCount "75"]
[EventDate "2013.??.??"]

1. d4 d5 2. Nf3 Nf6 3. Bf4 Bf5 4. c4 e6 5. Qb3 b6 6. e3 Nbd7 7. Nc3 c6 8. cxd5
exd5 9. Ba6 Nh5 10. Bb7 Nxf4 11. exf4 Rc8 12. Bxc8 Qxc8 13. O-O Be7 14. Rfe1
Be6 15. Rac1 Qb8 16. Ne5 Qd6 17. Qa4 Nxe5 18. fxe5 Qd7 19. Ne2 c5 20. Qxd7+
Kxd7 21. dxc5 bxc5 22. Red1 a5 23. Nc3 Kc6 24. b3 d4 25. Na4 Kb5 26. Nb2 Rd8
27. Kf1 Bg5 28. Rc2 Bf5 29. Nd3 Rd5 30. g3 Bxd3+ 31. Rxd3 Rxe5 32. f4 Rf5 33.
Re2 Bf6 34. Kg2 a4 35. Kf3 h5 36. Ke4 g6 37. h4 axb3 38. axb3 1-0

[Event "Mistrzostwa Polski Seniorow oraz Osob Ni"]
[Site "WZW "]
[Date "2013.10.05"]
[Round "8.6"]
[White "Majewski, Stanislaw"]
[Black "Rusin, Ryszard"]
[Result "0-1"]
[WhiteElo "1842"]
[BlackElo "1898"]
[PlyCount "62"]
[EventDate "2013.??.??"]

1. e4 e6 2. d4 d5 3. exd5 exd5 4. Nf3 Nf6 5. Bg5 Be7 6. Bd3 Be6 7. O-O O-O 8.
c3 Nbd7 9. Nbd2 c5 10. Re1 Rc8 11. Rc1 Qb6 12. b3 Bd6 13. Ne5 cxd4 14. Nxd7
Nxd7 15. c4 Nc5 16. Bb1 Nd7 17. cxd5 Bxd5 18. Qh5 g6 19. Qd1 Ne5 20. Ne4 Bxe4
21. Bxe4 Rfe8 22. Rxc8 Rxc8 23. Bf6 Bb4 24. Bxe5 Bxe1 25. Qxe1 Qe6 26. Bd3 f6
27. Bc4 Rxc4 28. bxc4 Qxe5 29. Qxe5 fxe5 30. Kf1 e4 31. Ke2 Kf7 0-1

[Event "Mistrzostwa Polski Seniorow oraz Osob Ni"]
[Site "WZW "]
[Date "2013.10.05"]
[Round "8.7"]
[White "Feliksinski, Tadeusz"]
[Black "Kondrusik, Aleksander"]
[Result "0-1"]
[WhiteElo "1713"]
[BlackElo "1530"]
[PlyCount "94"]
[EventDate "2013.??.??"]

1. e4 e5 2. Nf3 Nc6 3. d4 exd4 4. Nxd4 Nf6 5. Nxc6 bxc6 6. Bd3 d5 7. e5 Ng4 8.
Bf4 Bc5 9. O-O Qh4 10. Bg3 Qg5 11. Nd2 O-O 12. Nf3 Qh6 13. h3 Rb8 14. b3 Qh5
15. hxg4 Bxg4 16. c3 f5 17. Be2 f4 18. Bh2 Bxf3 19. Bxf3 Qxe5 20. Qd2 Bd6 21.
Rfe1 Qf5 22. Rad1 g5 23. Qd3 Qd7 24. Qe2 Rbe8 25. Bg4 Qd8 26. Qa6 Qa8 27. Bd7
Rxe1+ 28. Rxe1 c5 29. Bc6 Qd8 30. Bxd5+ Kg7 31. Qe2 Rf6 32. f3 h5 33. Kh1 Rf5
34. c4 Re5 35. Qd2 Qf6 36. Be4 Re7 37. Bg1 g4 38. g3 fxg3 39. Be3 Qh4+ 40. Kg1
g2 41. Kxg2 Qg3+ 42. Kf1 gxf3 43. Bh6+ Kh8 44. Qg5 Qh3+ 45. Kf2 Be5 46. Rg1
Bd4+ 47. Ke1 f2+ 0-1

[Event "Mistrzostwa Polski Seniorow oraz Osob Ni"]
[Site "WZW "]
[Date "2013.10.05"]
[Round "8.8"]
[White "Hucz, Alfred"]
[Black "Grabarczyk, Edmund"]
[Result "1-0"]
[WhiteElo "2031"]
[BlackElo "1394"]
[PlyCount "81"]
[EventDate "2013.??.??"]

1. e4 e5 2. Nf3 Nc6 3. Bb5 d6 4. d4 exd4 5. Nxd4 Bd7 6. Nc3 Nf6 7. O-O g6 8.
Bg5 Bg7 9. Re1 O-O 10. Nxc6 bxc6 11. Ba4 h6 12. Be3 Re8 13. f3 Rb8 14. Bb3 a5
15. a4 g5 16. Qd2 Be6 17. Bxe6 Rxe6 18. Nd1 Ra8 19. Nf2 d5 20. Rad1 Qe7 21.
exd5 cxd5 22. Bd4 c6 23. b3 Qc7 24. Kf1 Rae8 25. Qc3 Rxe1+ 26. Rxe1 Rxe1+ 27.
Kxe1 Nh5 28. g3 c5 29. Qxc5 Qd8 30. Kf1 Bf8 31. Qb6 Qc8 32. c3 Qf5 33. Kg2 Ng7
34. Qxh6 Qg6 35. Qxg6 fxg6 36. Bb6 Nf5 37. Bxa5 Bc5 38. Ng4 d4 39. cxd4 Nxd4
40. b4 Ba7 41. Bc7 1-0

[Event "Mistrzostwa Polski Seniorow oraz Osob Ni"]
[Site "WZW "]
[Date "2013.10.05"]
[Round "8.9"]
[White "Duda, Henryk"]
[Black "Nowak, Adam"]
[Result "0-1"]
[WhiteElo "1341"]
[BlackElo "1399"]
[PlyCount "58"]
[EventDate "2013.??.??"]

1. d4 Nf6 2. c4 g6 3. Nc3 d5 4. Bg5 Bg7 5. e3 O-O 6. Bxf6 exf6 7. Nxd5 c6 8.
Nc3 f5 9. c5 b6 10. b4 a5 11. Na4 Nd7 12. Rb1 axb4 13. Rxb4 bxc5 14. dxc5 Qa5
15. Qd2 Nxc5 16. Nxc5 Qxc5 17. Rc4 Qa3 18. Rc2 Be6 19. Bc4 Bxc4 20. Rxc4 Rfb8
21. Ne2 Rb2 22. Rc2 Rxc2 23. Qxc2 Qxa2 24. Kd1 Qd5+ 25. Qd2 Qxg2 26. Re1 Qxf2
27. Nc1 Qf3+ 28. Re2 Bf6 29. Qd6 Rd8 0-1